EFL Teams that have never played in the Premier League - Statistics

General Stats
  • This quiz has been taken 68 times
  • The average score is 31 of 41
Answer Stats
Current League Team % Correct
Championship Millwall
90%
Championship Bristol City
88%
League One Bristol Rovers
88%
Championship Plymouth Argyle
88%
League One Cambridge United
86%
League One Exeter City
86%
League One Wrexham
84%
Championship Oxford United
82%
League One Peterborough United
82%
League Two Carlisle United
80%
League One Burton Albion
78%
League Two Doncaster Rovers
78%
League Two Gillingham
78%
League Two Newport County
78%
League One Leyton Orient
76%
League One Mansfield Town
76%
Championship Preston North End
76%
League One Rotherham United
76%
League Two Salford City
76%
League One Shrewsbury Town
76%
League One Stockport County
76%
League Two Tranmere Rovers
76%
League One Wycombe Wanderers
76%
League Two Crewe Alexandra
74%
League One Lincoln City
74%
League Two Notts County
74%
League Two Port Vale
74%
League Two Walsall
74%
League Two Barrow
72%
League Two Chesterfield
72%
League Two Colchester United
72%
League One Crawley Town
72%
League Two Accrington Stanley
70%
League Two Fleetwood Town
70%
League Two Harrogate Town
70%
League Two Morecambe
70%
League One Northampton Town
70%
League Two Grimsby Town
68%
League Two Cheltenham Town
66%
League Two Bromley
60%
League One Stevenage
60%
No matching quizzes found
Score Distribution
Percent of People with Each Score
Percentile by Number Answered
Your Score History
You have not taken this quiz